000 00990nam a2200217Ia 4500
003 OSt
005 20250227151756.0
007 ca aa aaaaa
008 201103s9999 xx 000 0 und d
040 _cSSBUL
041 _abur
082 _223
_a၂၉၄.၃၄ ဓမ်
_b၉၃၀၉ S-SAT
100 0 _aဓမ္မသာမိ၊ Dr.၊ ပါမောက္ခ၊ အောက်စဖိုဒ့်ဆရာတော်
_917328
245 1 0 _aစိတ်ခံစားမှုကျန်းမာရေး=Emotional health /
_cအောက်စဖိုဒ့်ဆရာတော်ပါမောက္ခDr. ဓမ္မသာမိ ။
250 _aပဉ္စမအကြိမ်။
260 _a[နေရာမပါ] ၊
_b[ထုတ်ဝေသူမပါ]။
_c[၂၀၁၅]။
300 _a၆၆ စာမျက်နှာ ၊
_c၁၄ စင်တီ ။
500 _aS-SAT: Dr Sai Aung Tun
650 _aသတိပဌာန်
942 _cBK
_2ddc
999 _c16712
_d16712